000
00254nam a2200097Ia 4500
008
240331s9999 xx 000 0 und d
082
_b
GRA
100
_a
Gray, J
245
0
_a
Enlightment's wake :
_b
politics and culture at the close of modern age
942
_c
L
999
_c
2272
_d
2272